[Event "SVK-chT4 A21 1819"]
[Site "Slovakia"]
[Date "2019.01.20"]
[Round "7.2"]
[White "Diviak, Rudolf"]
[Black "Piestansky, Jan"]
[Result "1/2-1/2"]
[WhiteElo "1758"]
[BlackElo "1642"]
[PlyCount "78"]
[EventDate "2018.10.14"]
[EventType "team-tourn"]
[EventRounds "11"]
[EventCountry "SVK"]
[SourceTitle "CBM 189 Extra"]
[Source "ChessBase"]
[SourceDate "2019.06.03"]
[SourceVersion "1"]
[SourceVersionDate "2019.06.03"]
[SourceQuality "1"]
[WhiteTeam "Senica CVC II"]
[BlackTeam "Chtelnica Kamenar"]
[WhiteTeamCountry "SVK"]
[BlackTeamCountry "SVK"]

1. e4 e5 2. Nf3 d6 3. Bc4 h6 4. c3 Nf6 5. d3 Be7 6. 0-0 0-0 7. Re1 Nc6 8. Bb3 Re8 9. Nbd2 Be6 10. Bc2 Nh7 11. Nf1 f5 12. exf5 Bxf5 13. Ng3 Bg6 14. Bb3+ Kh8 15. Be3 Rf8 16. Qd2 Bf7 17. Bc2 Bd5 18. Ne4 Nf6 19. Nh4 Bxe4 20. dxe4 Kh7 21. Nf5 Ng4 22. Qd1 Nxe3 23. Rxe3 g6 24. Nxe7 Qxe7 25. Qd2 Qg7 26. Rd1 Rf6 27. Qe2 Raf8 28. Rf1 b6 29. Ba4 Nb8 30. Bb3 a5 31. a3 Nc6 32. Qb5 Nd8 33. Bd5 Ne6 34. g3 Qe7 35. Kg2 Kg7 36. f3 Qd8 37. Qc4 Qe7 38. b4 axb4 39. cxb4 Nd4 1/2-1/2

[Event "SVK-chT4 A21 1819"]
[Site "Slovakia"]
[Date "2018.12.16"]
[Round "5.2"]
[White "Diviak, Rudolf"]
[Black "Cheben, Jozef"]
[Result "1-0"]
[WhiteElo "1758"]
[BlackElo "1568"]
[PlyCount "69"]
[EventDate "2018.10.14"]
[EventType "team-tourn"]
[EventRounds "11"]
[EventCountry "SVK"]
[SourceTitle "CBM 189 Extra"]
[Source "ChessBase"]
[SourceDate "2019.06.03"]
[SourceVersion "1"]
[SourceVersionDate "2019.06.03"]
[SourceQuality "1"]
[WhiteTeam "Senica CVC II"]
[BlackTeam "Vrbove II"]
[WhiteTeamCountry "SVK"]
[BlackTeamCountry "SVK"]

1. e4 e5 2. Nf3 Nc6 3. Bc4 h6 4. 0-0 d6 5. c3 Nf6 6. Re1 Bg4 7. d3 Be7 8. Bb3 0-0 9. Nbd2 Nh7 10. Nf1 Na5 11. Bc2 c5 12. h3 Be6 13. Ng3 Rc8 14. Be3 Nf6 15. Qd2 Kh7 16. Rec1 b6 17. b3 Nc6 18. Nf5 Bxf5 19. exf5 Ng8 20. d4 Bf6 21. d5 Nce7 22. c4 Kh8 23. Be4 Rc7 24. g4 Nc8 25. Kg2 Re8 26. Rh1 Bh4 27. Nxh4 Qxh4 28. Rag1 Qd8 29. Kf1 f6 30. h4 Rf7 31. g5 h5 32. Qe2 Nge7 33. Qxh5+ Kg8 34. g6 Nxg6 35. fxg6 1-0

[Event "Banska Stiavnica V4 op"]
[Site "Banska Stiavnica"]
[Date "2017.07.08"]
[Round "1"]
[White "Cech, Dominik"]
[Black "Diviak, Rudolf"]
[Result "1-0"]
[WhiteElo "2113"]
[BlackElo "1799"]
[PlyCount "97"]
[EventDate "2017.07.08"]
[EventType "swiss"]
[EventRounds "9"]
[EventCountry "SVK"]
[SourceTitle "CBM 179 Extra"]
[Source "ChessBase"]
[SourceDate "2017.08.23"]
[SourceVersion "1"]
[SourceVersionDate "2017.08.23"]
[SourceQuality "1"]

1. e4 d6 2. d4 g6 3. Nc3 Bg7 4. Nf3 Nf6 5. Be2 c6 6. a4 0-0 7. 0-0 Nbd7 8. Re1 c5 9. d5 Ng4 10. h3 Nge5 11. Nh2 f6 12. f4 Nf7 13. Nf3 a6 14. h4 b6 15. Be3 Nh6 16. Nd2 f5 17. Bf3 Nf6 18. e5 Nfg4 19. Nc4 Nxe3 20. Rxe3 Rb8 21. Re1 b5 22. axb5 axb5 23. Na5 Qb6 24. Qe2 Ng4 25. Bxg4 fxg4 26. Nc6 Rb7 27. exd6 c4+ 28. Kh1 exd6 29. Ne7+ Rxe7 30. Qxe7 Bf6 31. Qe3 Bd4 32. Qe2 Bf2 33. Rf1 Bxh4 34. Ne4 Bf5 35. b3 Qd8 36. bxc4 bxc4 37. Qxc4 Re8 38. Ng5 Bxg5 39. fxg5 Qxg5 40. Qf4 Qd8 41. Ra6 Re5 42. c4 Qe7 43. Qh6 Bc8 44. Ra7 Rh5+ 45. Qxh5 Qxa7 46. Qg5 Qb6 47. Qe7 Bf5 48. Ra1 Qc5 49. Ra7 1-0

[Event "SVK-chT3A2 1516"]
[Site "Slovakia"]
[Date "2016.04.10"]
[Round "11.3"]
[White "Diviak, Rudolf"]
[Black "Bugar, Peter"]
[Result "1/2-1/2"]
[WhiteElo "1811"]
[BlackElo "1672"]
[PlyCount "93"]
[EventDate "2015.10.11"]
[EventType "team-tourn"]
[EventRounds "11"]
[EventCountry "SVK"]
[SourceTitle "EXT 2020"]
[Source "ChessBase"]
[SourceDate "2019.10.17"]
[SourceVersion "1"]
[SourceVersionDate "2019.10.17"]
[SourceQuality "1"]
[WhiteTeam "Senica CVC"]
[BlackTeam "Dunajska Streda II"]
[WhiteTeamCountry "SVK"]
[BlackTeamCountry "SVK"]

1. b4 c6 2. Bb2 Qb6 3. a3 a5 4. c4 axb4 5. c5 Qc7 6. axb4 Rxa1 7. Bxa1 b5 8. Nf3 Nf6 9. Bxf6 exf6 10. e3 d6 11. d4 Na6 12. Qb3 Be6 13. Qa3 Qb7 14. Be2 Bc4 15. Nbd2 Be7 16. Nb3 Bxb3 17. Qxb3 0-0 18. 0-0 Ra8 19. Ra1 Nc7 20. Qb2 Rxa1+ 21. Qxa1 Qa6 22. Qb2 Qa4 23. Bf1 Nd5 24. e4 Nxb4 25. d5 dxc5 26. dxc6 Nxc6 27. Bxb5 Qxe4 28. Nd2 Qb4 29. Qxb4 Nxb4 30. Kf1 f5 31. f3 f6 32. Bd7 g6 33. Be6+ Kf8 34. Bc4 g5 35. Be6 Nc2 36. Kf2 Nd4 37. Bc4 Ke8 38. Nb3 Nxb3 39. Bxb3 f4 40. Ke2 Kd7 41. Kd3 Kc6 42. Kc4 Kd6 43. Bc2 h6 44. h3 Ke5 45. Ba4 f5 46. Bd7 h5 47. Be8 1/2-1/2

[Event "SVK-chT4 A21 1516"]
[Site "Slovakia"]
[Date "2016.02.07"]
[Round "8.3"]
[White "Smrek, Peter"]
[Black "Diviak, Rudolf"]
[Result "1-0"]
[WhiteElo "1814"]
[BlackElo "1800"]
[PlyCount "91"]
[EventDate "2015.10.04"]
[EventType "team-tourn"]
[EventRounds "11"]
[EventCountry "SVK"]
[SourceTitle "EXT 2017"]
[Source "ChessBase"]
[SourceDate "2016.10.25"]
[SourceVersion "1"]
[SourceVersionDate "2016.10.25"]
[SourceQuality "1"]
[WhiteTeam "Vrbove III"]
[BlackTeam "Senica CVC II"]
[WhiteTeamCountry "SVK"]
[BlackTeamCountry "SVK"]

1. e4 d6 2. d4 Nf6 3. Nc3 g6 4. Be2 Bg7 5. f4 c6 6. Nf3 Bg4 7. h3 Bxf3 8. Bxf3 0-0 9. e5 dxe5 10. fxe5 Nd5 11. Nxd5 cxd5 12. 0-0 e6 13. Kh1 Nc6 14. c3 Qb6 15. Qb3 Qxb3 16. axb3 a6 17. b4 Rac8 18. Bd2 Rc7 19. Be2 Rfc8 20. Bd3 Ne7 21. g4 Nc6 22. b5 axb5 23. Bxb5 Bf8 24. Ra4 Kg7 25. h4 h6 26. Bd3 Be7 27. h5 Rf8 28. hxg6 fxg6 29. Rxf8 Bxf8 30. b4 Rf7 31. Kg2 Be7 32. b5 Nd8 33. Ra8 Rf8 34. c4 Bh4 35. Be3 Be7 36. c5 g5 37. Rc8 Kg8 38. c6 bxc6 39. bxc6 Nxc6 40. Rxc6 Rb8 41. Rxe6 Kf7 42. Bf5 Rb3 43. Bf2 Rb2 44. Rxh6 Bb4 45. Rf6+ Ke7 46. Rb6 1-0

[Event "SVK-chT4 A21 1516"]
[Site "Slovakia"]
[Date "2016.01.10"]
[Round "6.1"]
[White "Zajicek, Ferdinand"]
[Black "Diviak, Rudolf"]
[Result "1-0"]
[WhiteElo "1754"]
[BlackElo "1798"]
[PlyCount "59"]
[EventDate "2015.10.04"]
[EventType "team-tourn"]
[EventRounds "11"]
[EventCountry "SVK"]
[SourceTitle "CBM 170 Extra"]
[Source "ChessBase"]
[SourceDate "2016.02.25"]
[SourceVersion "1"]
[SourceVersionDate "2016.02.25"]
[SourceQuality "1"]
[WhiteTeam "Gbely Nafta II"]
[BlackTeam "Senica CVC II"]
[WhiteTeamCountry "SVK"]
[BlackTeamCountry "SVK"]

1. e4 d6 2. Nc3 g6 3. d4 Bg7 4. Nf3 c6 5. Be3 Nf6 6. Be2 b5 7. a3 a5 8. 0-0 0-0 9. h3 Bb7 10. Bd3 Qc7 11. Qd2 Rd8 12. Bh6 Bh8 13. Bf4 b4 14. axb4 axb4 15. Rxa8 Bxa8 16. Ne2 Qa5 17. e5 Nd5 18. Nc1 Nxf4 19. Qxf4 Nd7 20. Ng5 Qd5 21. Be4 dxe5 22. Bxd5 exf4 23. Bxf7+ Kf8 24. Ne6+ Kxf7 25. Nxd8+ Kf6 26. Nd3 b3 27. cxb3 Kf5 28. Ne5 Bxe5 29. dxe5 Nxe5 30. Ra1 1-0

[Event "SVK-chT4A21 1415"]
[Site "Slovakia"]
[Date "2015.01.04"]
[Round "6.1"]
[White "Diviak, Rudolf"]
[Black "Jarabek, Milan"]
[Result "1-0"]
[WhiteElo "1836"]
[BlackElo "1690"]
[PlyCount "55"]
[EventDate "2014.10.12"]
[EventType "team-tourn"]
[EventRounds "11"]
[EventCountry "SVK"]
[SourceTitle "EXT 2022"]
[Source "ChessBase"]
[SourceDate "2021.10.06"]
[SourceVersion "1"]
[SourceVersionDate "2021.10.06"]
[SourceQuality "1"]
[WhiteTeam "Senica CVC II"]
[BlackTeam "Skalica III"]
[WhiteTeamCountry "SVK"]
[BlackTeamCountry "SVK"]

1. e4 c5 2. Bc4 e6 3. Qe2 a6 4. c3 b5 5. Bb3 Bb7 6. Nf3 Nf6 7. d3 Be7 8. Bc2 0-0 9. 0-0 d6 10. Bg5 Nbd7 11. Nbd2 b4 12. Rfe1 bxc3 13. bxc3 Qa5 14. Reb1 Qxc3 15. Nb3 c4 16. dxc4 Rab8 17. Bd3 Qb4 18. Rb2 Nc5 19. Rab1 Na4 20. Bd2 Qb6 21. Ba5 Qa7 22. Rc2 Nc5 23. Nxc5 Qxc5 24. Bb6 Qc8 25. Rcb2 Nd7 26. Ba7 Nc5 27. Bxb8 Qxb8 28. e5 1-0

[Event "SVK-chT4A21 1415"]
[Site "Slovakia"]
[Date "2014.12.07"]
[Round "5.1"]
[White "Diviak, Rudolf"]
[Black "Nemeckay, Rastislav"]
[Result "0-1"]
[WhiteElo "1836"]
[BlackElo "1985"]
[PlyCount "138"]
[EventDate "2014.10.12"]
[EventType "team-tourn"]
[EventRounds "11"]
[EventCountry "SVK"]
[SourceTitle "EXT 2022"]
[Source "ChessBase"]
[SourceDate "2021.10.06"]
[SourceVersion "1"]
[SourceVersionDate "2021.10.06"]
[SourceQuality "1"]
[WhiteTeam "Senica CVC II"]
[BlackTeam "Stefanov"]
[WhiteTeamCountry "SVK"]
[BlackTeamCountry "SVK"]

1. e4 e5 2. Nf3 Nc6 3. Bc4 Be7 4. 0-0 Nf6 5. Re1 0-0 6. c3 d6 7. Bb3 Bg4 8. d3 Na5 9. Bc2 c5 10. Nbd2 Nc6 11. Nf1 b5 12. h3 Bd7 13. Ng3 b4 14. Bg5 Ne8 15. Bxe7 Qxe7 16. Nf5 Qd8 17. Qd2 g6 18. Nh6+ Kg7 19. Ng5 f6 20. Nf3 Qc8 21. h4 Nc7 22. d4 bxc3 23. bxc3 Ne7 24. Bb3 Be6 25. d5 Bd7 26. Bd1 Rb8 27. h5 Qe8 28. Nh4 g5 29. N4f5+ Nxf5 30. Nxf5+ Bxf5 31. exf5 Qd7 32. Bf3 Rb6 33. Qc2 Rfb8 34. Rab1 Qc8 35. Be4 Qa6 36. g3 h6 37. f4 Qa3 38. fxe5 dxe5 39. d6 Nb5 40. Rb3 Qa5 41. d7 Rd8 42. Rd1 Nd6 43. Rxb6 Qxb6 44. Rb1 Qc7 45. Bd5 Rxd7 46. Be6 Rd8 47. Qa4 Kf8 48. Rd1 Ke7 49. Qa6 Qb6 50. Qxb6 axb6 51. Rb1 Rb8 52. Kg2 Kd8 53. Kf3 Kc7 54. Bd5 Nxf5 55. g4 Nd6 56. Rb3 b5 57. Rb2 Re8 58. a4 Rb8 59. a5 b4 60. cxb4 Rxb4 61. Rc2 c4 62. Ra2 Nb5 63. a6 Kb6 64. Bb7 Nd4+ 65. Ke4 Ka7 66. Bc8 c3 67. Kd3 c2 68. Rxc2 Nxc2 69. Kxc2 Rc4+ 0-1

[Event "SVK-chT5 SE-SI 1415"]
[Site "Slovakia"]
[Date "2014.11.29"]
[Round "4.1"]
[White "Diviak, Rudolf"]
[Black "Diviak, Rastislav"]
[Result "1/2-1/2"]
[WhiteElo "1836"]
[BlackElo "2001"]
[PlyCount "27"]
[EventDate "2014.10.18"]
[EventType "team-tourn"]
[EventRounds "11"]
[EventCountry "SVK"]
[SourceTitle "EXT 2022"]
[Source "ChessBase"]
[SourceDate "2021.10.06"]
[SourceVersion "1"]
[SourceVersionDate "2021.10.06"]
[SourceQuality "1"]
[WhiteTeam "Senica CVC"]
[BlackTeam "Senica CVC III"]
[WhiteTeamCountry "SVK"]
[BlackTeamCountry "SVK"]

1. e4 c5 2. Bc4 e6 3. Qe2 Nc6 4. c3 Nf6 5. d3 d6 6. Nf3 a6 7. Bb3 Be7 8. 0-0 0-0 9. Rd1 b5 10. d4 cxd4 11. cxd4 Bb7 12. Nbd2 Qc7 13. Nf1 Rac8 14. Bg5 1/2-1/2

[Event "SVK-chT4A21 1415"]
[Site "Slovakia"]
[Date "2014.11.23"]
[Round "4.2"]
[White "Diviak, Rudolf"]
[Black "Palka, Miroslav"]
[Result "1/2-1/2"]
[WhiteElo "1836"]
[BlackElo "1912"]
[PlyCount "87"]
[EventDate "2014.10.12"]
[EventType "team-tourn"]
[EventRounds "11"]
[EventCountry "SVK"]
[SourceTitle "EXT 2022"]
[Source "ChessBase"]
[SourceDate "2021.10.06"]
[SourceVersion "1"]
[SourceVersionDate "2021.10.06"]
[SourceQuality "1"]
[WhiteTeam "Senica CVC II"]
[BlackTeam "Senica Dragon II"]
[WhiteTeamCountry "SVK"]
[BlackTeamCountry "SVK"]

1. e4 c5 2. Bc4 d6 3. c3 Nf6 4. Qe2 Nc6 5. Bb3 g6 6. Nf3 Bg4 7. d3 Bg7 8. 0-0 Ne5 9. Nbd2 0-0 10. Qe3 Qc7 11. h3 Bd7 12. d4 cxd4 13. cxd4 Nc6 14. Qc3 Rfc8 15. e5 Ne8 16. Ng5 e6 17. Qf3 Nd8 18. d5 Bxe5 19. Nxf7 Nxf7 20. dxe6 Bxe6 21. Bxe6 Rcb8 22. Nc4 Kg7 23. Bxf7 Qxf7 24. Bh6+ Kg8 25. Qxf7+ Kxf7 26. Nxe5+ dxe5 27. Rae1 Rc8 28. f4 Rc2 29. Rxe5 Nd6 30. g4 Re8 31. Rxe8 Nxe8 32. Rf2 Rc7 33. f5 gxf5 34. Rxf5+ Kg6 35. Bf4 Rd7 36. Be5 a6 37. h4 h6 38. Rf8 Re7 39. Bc3 Re4 40. Kf2 Re6 41. Kg3 h5 42. g5 Nd6 43. Kf3 Nf5 44. Rh8 1/2-1/2

[Event "SVK-chT3A2 1415"]
[Site "Slovakia"]
[Date "2014.10.19"]
[Round "1.2"]
[White "Kalmar, Tamas"]
[Black "Diviak, Rudolf"]
[Result "1-0"]
[WhiteElo "1966"]
[BlackElo "1836"]
[PlyCount "59"]
[EventDate "2014.10.19"]
[EventType "team-tourn"]
[EventRounds "11"]
[EventCountry "SVK"]
[SourceTitle "EXT 2019"]
[Source "ChessBase"]
[SourceDate "2018.10.10"]
[SourceVersion "1"]
[SourceVersionDate "2018.10.10"]
[SourceQuality "1"]

1. d4 d6 2. c4 g6 3. Nc3 Bg7 4. e4 Nf6 5. f3 Nbd7 6. Be3 0-0 7. Bd3 e5 8. Nge2 exd4 9. Nxd4 Ne5 10. 0-0 Nxd3 11. Qxd3 Nd7 12. Qd2 Ne5 13. b3 Re8 14. Rad1 Bd7 15. Nd5 Bc6 16. Bg5 f6 17. Be3 Qd7 18. Rc1 a6 19. Rfd1 Rad8 20. Qf2 Qf7 21. Nxc6 Nxc6 22. Rc2 Rd7 23. Rcd2 Red8 24. Bf4 Ne5 25. Bxe5 dxe5 26. Kf1 Bh6 27. Nxf6+ Qxf6 28. Rxd7 Rf8 29. Qc5 Qh4 30. Qd5+ 1-0

[Event "SVK-chT3A2 1314"]
[Site "Slovakia"]
[Date "2014.02.16"]
[Round "9.4"]
[White "Nemsak, Denis"]
[Black "Diviak, Rudolf"]
[Result "1/2-1/2"]
[WhiteElo "1913"]
[BlackElo "1797"]
[PlyCount "130"]
[EventDate "2013.10.13"]
[EventType "team-tourn"]
[EventRounds "11"]
[EventCountry "SVK"]
[SourceTitle "EXT 2015"]
[Source "ChessBase"]
[SourceDate "2014.11.20"]
[SourceVersion "1"]
[SourceVersionDate "2014.11.20"]
[SourceQuality "1"]
[WhiteTeam "Piestany Kupele"]
[BlackTeam "Senica CVC"]
[WhiteTeamCountry "SVK"]
[BlackTeamCountry "SVK"]

1. c4 e5 2. Nc3 Bb4 3. g3 Nf6 4. Bg2 0-0 5. Qb3 Nc6 6. e3 Bc5 7. Nf3 d6 8. 0-0 Rb8 9. a3 Be6 10. Ng5 Bf5 11. Na4 Na5 12. Qc3 Bb6 13. d3 h6 14. Nf3 Qd7 15. Nxb6 axb6 16. Ne1 Qa4 17. f4 e4 18. b4 Qb3 19. Bb2 Qxc3 20. Bxc3 Nc6 21. Bxf6 gxf6 22. dxe4 Be6 23. Rc1 Rbe8 24. Rc3 Re7 25. Nf3 Rfe8 26. Nd4 Bd7 27. Nb5 Bc8 28. Kf2 Bg4 29. h3 Bh5 30. g4 Bg6 31. f5 Bh7 32. Rd1 Ne5 33. c5 Rd7 34. cxb6 c6 35. Nd4 Ra8 36. Ne2 Ra6 37. Nf4 Kf8 38. Bf1 Rxb6 39. Nd3 Ke7 40. Nb2 c5 41. Na4 Rc6 42. Bb5 cxb4 43. axb4 Rxc3 44. Nxc3 Rd8 45. Nd5+ Kf8 46. Rc1 Ra8 47. Rc7 Ra2+ 48. Kg3 Kg7 49. Nf4 Ra3 50. Nh5+ Kh8 51. Rc8+ Bg8 52. Nxf6 Kg7 53. Nxg8 Rxe3+ 54. Kg2 Rxe4 55. Ne7 Rxb4 56. f6+ Kh7 57. Be2 Rb2 58. Kf1 Rb1+ 59. Kf2 Rb2 60. Ke3 Rb3+ 61. Kd4 Rxh3 62. Kd5 Rh2 63. Rc2 Rf2 64. g5 hxg5 65. Kxd6 Rxf6+ 1/2-1/2